Harry Potter - Quotes - Statistics

General Stats
  • This quiz has been taken 152 times
    145 since last reset
  • The average score is 24 of 34
Answer Stats
Hint Answer % Correct
Happiness can be found, even in the darkest of times,if only one remembers to turn on the light. Albus Dumbledore
97%
You asked us a question and she knows the answer! Ronald Weasley
89%
Honestly, woman, you call yourself our mother? Fred Weasley
88%
It's true, then. What they're saying on the train.Harry Potter has come to Hogwarts. Draco Malfoy
86%
I'll be in my bedroom, making no noise and pretendingthat I don't exist. Harry Potter
85%
She needs to sort out her priorities. Ronald Weasley
85%
Yer a wizard, Harry. Rubeus Hagrid
83%
Turn to page 394. Severus Snape
83%
Avada Kedavra! Voldemort
83%
Now, if you two don't mind, I'm going to bed before either of you come up with another clever idea to get us killed or worse... expelled! Hermione Granger
82%
You're just as sane as I am. Luna Lovegood
81%
Oh my God... I've killed Harry Potter. Neville Longbottom
81%
Why spiders? Why can't it be follow the butterflies. Ronald Weasley
81%
Charming, Ronald. Hermione Granger
79%
I'm half and half. Me dad's a muggle; mam's a witch.Bit of a nasty shock for him when he found out. Seamus Finnigan
79%
No post on Sunday. No blasted letters today! No, sir. Vernon Dursley
78%
Surely you didn't think I was going to keep my filthymuggle father's name? No. Tom Riddle
77%
Swish and flick. Filius Flitwick
76%
We have a witch in the family, isn't it wonderful? Petunia Dursley
76%
Fifty points if it goes through her head! Myrtle Warren
72%
I'll be in the lounge, waiting to welcome themgraciously to our home. Petunia Dursley
71%
You'll never know love or friendship. Harry Potter
70%
You stupid elf! You could have killed me! Bellatrix Lestrange
67%
Morning. George Weasley
66%
They're supposed to be, you blithering idiot. Minerva McGonagall
61%
Gambling their sacrifices by wandering around the castle,unprotected with a killer on the loose, seems to be a pretty poor way to repay them. Remus Lupin
58%
What would you have done, Sirius? Peter Pettigrew
54%
For a moment there, I thought you were going tolet it get me. Cedric Diggory
53%
Shut it! Ginny Weasley
45%
Then you should have died! Sirius Black
45%
Honestly, if you were any slower, you'd be going backward. Draco Malfoy
39%
I don't care how big they are! Dudley Dursley
39%
It was me, but I swear I didn't mean to. Ginny Weasley
34%
Right, perspective. Hermione Granger
25%
No matching quizzes found
Score Distribution
Percent of People with Each Score
Percentile by Number Answered
Your Score History
You have not taken this quiz since the last reset